00974 2200181 4500245003000000020002200030250001100052100001200063700001900075650001600094005001900110260002800129041001400157084000800171300002900179500057500208336000900783 aMagic HourcTisa TShText a978-602-0900-27-8 aCet. 4 aTisa TS aStanley Meulen aNovel Fiksi a20231010110716 aJakartabLoveablec2015 aIndonesia a813 avi, 230 hlm. :c20.5 cm. a"siapa yang paling sayang elo?" "kamu""siapa yang paling sayang sama gue?" "aku"sedalam itu persahabatan antara Raina dan Gwenny , yang bermula dari diangkatnya Raina menjadi anak Tante Flora, ibu Gwenny. sepuluh tahun. Gwenny menjadi bagian hidup Riana, belahan jiwanya, hingga mncul Dimas dalam hidupnya. Dimas yang seharusnya dijodohkan dengan Gwenny, malah berbalik mencintai Raina. Celakanya, sedealam itu Dimas mencintai Raina. Raina pun merasakan hal yang sama. Sementara Toby, sahabat Raina dari kecil, juga memendam cinta yang sama pada gadis pecinta hujan itu. atext